| 000 | 00000nam##2200000za#4500 |
| 001 | 9.569092 |
| 003 | CaOODSP |
| 005 | 20210624181611 |
| 007 | cr ||||||||||| |
| 008 | 150406|2000||||xxc|||||o f|0| 0 eng|d |
| 040 | |aCaOODSP|beng |
| 043 | |an-cn--- |
| 086 | 1 |aNH15-370/2000E-PDF |
| 110 | 2 |aCanada Mortgage and Housing Corporation. |
| 245 | 10|aPhilanthropic support for affordable housing / |h[electronic resource]|cby Steve Pomeroy and François Lagarde. |
| 260 | |bCanada Mortgage and Housing Corporation |cJune 2000. |
| 300 | |a153p.|bfig., graphs, table, photographs, index |
| 490 | 1 |aResearch report. Housing affordability and finance series |
| 500 | |aThe catalogue number (NH15-370/2000E) and ISBN (0-660-18309-9) for the print edition have been incorrectly copied in this electronic publication. -- "Final report". |
| 504 | |aBibliography. |
| 590 | |a11-04-Supp|b2011-02-17 |
| 720 | 1 |aPomeroy, Steve |
| 720 | 1 |aLagarde, François |
| 775 | 08|tAppui des organisations philanthropiques à la production de logements abordables / |w(CaOODSP)9.600333 |
| 776 | 0#|tPhilanthropic support for affordable housing / |w(CaOODSP)9.615364 |
| 830 | #0|aResearch report. Housing affordability and finance series.|w(CaOODSP)9.504903 |
| 856 | 40|ahttp://publications.gc.ca|qPDF|s867 KB|uhttps://publications.gc.ca/collections/collection_2011/schl-cmhc/nh18-1-1/NH15-370-2000-eng.pdf |